| 000 -LEADER | |
|---|---|
| fixed length control field | 00386nam a22001697a 4500 |
| 005 - DATE AND TIME OF LATEST TRANSACTION | |
| control field | 20160903160558.0 |
| 008 - FIXED-LENGTH DATA ELEMENTS--GENERAL INFORMATION | |
| fixed length control field | 160903b xxu||||| |||| 00| 0 eng d |
| 020 ## - INTERNATIONAL STANDARD BOOK NUMBER | |
| ISBN | 978-81-7754-413-8 |
| 041 ## - LANGUAGE CODE | |
| Language code of text/sound track or separate title | eng |
| 082 ## - DEWEY DECIMAL CLASSIFICATION NUMBER | |
| Item number | 20949 |
| 100 ## - MAIN ENTRY--AUTHOR NAME | |
| Personal name | GUPTA,O.P |
| 245 ## - TITLE STATEMENT | |
| Title | MODERN WEED MANAGEMENT |
| 260 ## - PUBLICATION, DISTRIBUTION, ETC. (IMPRINT) | |
| Name of publisher | AGROBIOS |
| Year of publication | 2016 |
| 300 ## - PHYSICAL DESCRIPTION | |
| Number of Pages | 569 |
| 650 ## - SUBJECT ADDED ENTRY--TOPICAL TERM | |
| Topical Term | AGRICULTURE |
| 942 ## - ADDED ENTRY ELEMENTS (KOHA) | |
| Koha item type | Books |
| Lost status | Damaged status | Collection code | Home library | Current library | Shelving location | Date acquired | Source of acquisition | Cost, normal purchase price | Full call number | Accession Number | Koha item type | Copy number |
|---|---|---|---|---|---|---|---|---|---|---|---|---|
| Reference | JRU Library | JRU Library | SHELF-2-D | 03/09/2016 | PURCHASE | 550.00 | 631.527 | 20949 | Books | |||
| AGRICULTURE | JRU Library | JRU Library | SHELF-14-E | 03/09/2016 | PURCHASE | 550.00 | 20949 | 20950 | Books | 5 | ||
| AGRICULTURE | JRU Library | JRU Library | SHELF-14-E | 03/09/2016 | PURCHASE | 550.00 | 20949 | 20951 | Books | 5 | ||
| AGRICULTURE | JRU Library | JRU Library | SHELF-14-E | 03/09/2016 | PURCHASE | 550.00 | 20949 | 20952 | Books | 5 | ||
| AGRICULTURE | JRU Library | JRU Library | SHELF-14-E | 03/09/2016 | PURCHASE | 550.00 | 20953 | Books | 5 | |||
| AGRICULTURE | JRU Library | JRU Library | SHELF-14-D | 30/04/2017 | 895.00 | 20949 | 21585 | Books | ||||
| Reference | JRU Library | JRU Library | SHELF-2-C | 30/04/2017 | PURCHASE | 895.00 | 632.58 | 21586 | Books | |||
| AGRICULTURE | JRU Library | JRU Library | SHELF-14-D | 30/04/2017 | PURCHASE | 895.00 | 20949 | 21587 | Books | |||
| AGRICULTURE | JRU Library | JRU Library | SHELF-14-D | 30/04/2017 | PURCHASE | 895.00 | 20949 | 21588 | Books | |||
| AGRICULTURE | JRU Library | JRU Library | SHELF-14-D | 30/04/2017 | PURCHASE | 895.00 | 20949 | 21589 | Books |